000 00623nam a22001937a 4500
999 _c216436
_d216436
005 20260316163235.0
008 260316b ||||| |||| 00| 0 eng d
040 _aLC
_cUNZA
_dUNZA
_eRDA
050 _aZAMB BR 1443.Z2
_bMOR 1964
100 _aMorris, Colin
245 _aChurch and Challenge in a New Africa : Political Sermons /
_cColin Morris
260 _aLondon:
_bEpworth Press,
_c1964.
300 _a155 pages.
650 _aIndigenous religious practices
650 _aAfrican Traditional Religions (ATR)
650 _apolitical landscape
_zAfrica
650 _aTraditional church models.
942 _cZAMBIANA